| 000 | 00481nam a22001817a 4500 | ||
|---|---|---|---|
| 005 | 20170526143534.0 | ||
| 010 | _aENG-118179 | ||
| 020 |
_a9789351868255 _c400.00 |
||
| 035 | _aEN-101711 | ||
| 037 | _bDBAD/PUB | ||
| 082 | _aS | ||
| 100 | _aPriya | ||
| 245 |
_aSunrays for friday / _cby Priya and Sanjay Tandon |
||
| 260 |
_aNew Delhi _bPRABHAT PRAKASHAN _c2016 |
||
| 270 | _a4/19 Asaf Ali Road, New Delhi-110002 | ||
| 300 |
_a216p. _c21cm. (Hb) |
||
| 942 |
_2ddc _cEN _hS _mPRI |
||
| 999 |
_c139967 _d139967 |
||